All change? Men, women and reproductive work in the global economy /
में बचाया:
| मुख्य लेखक: | |
|---|---|
| स्वरूप: | मूलपाठ |
| विषय: | |
| टैग: |
टैग जोड़ें
कोई टैग नहीं, इस रिकॉर्ड को टैग करने वाले पहले व्यक्ति बनें!
|
MARC
| LEADER | 00000 a a2200000 04500 | ||
|---|---|---|---|
| 001 | 18647 | ||
| 003 | |||
| 040 | |||
| 100 | |a Pearson, Ruth | ||
| 245 | |a All change? Men, women and reproductive work in the global economy / |c Ruth Pearson | ||
| 650 | |a HOMBRES | ||
| 650 | |a MUJERES | ||
| 650 | |a TRABAJO | ||
| 650 | |a DIVISION DEL TRABAJO | ||
| 650 | |a REPRODUCCION | ||
| 773 | |g volumen 12, número 2; páginas 219-237 | ||
| 999 | |c 34918 |d 34918 | ||
